000 00593nam a2200193 i 4500
001 57796
003 ES-MaACL
007 t|
008 031017s1975 sp ||||1| spa d
100 1 _aDreux, Philippe.
_945608
245 1 0 _aIntroducción a la ecología /
_cPhilippe Dreux ; [traductor, José María Carrillo].
260 _aMadrid :
_bAlianza,
_c1975.
300 _a215 p. :
_bil. ;
_c18 cm.
490 1 _aEl libro de bolsillo
700 1 _aCarrillo, José María.
_935761
830 0 3 _aEl libro de bolsillo
_9177802
852 _aES-MaACL
_jE-8974
_bR.93284
999 _c57796
_d57796